[Event "26th Budapest Spring Festival"]
[Site "Budapest HUN"]
[Date "2010.03.20"]
[Round "2"]
[White "Borda,L"]
[Black "Charleshouse,G"]
[Result "1/2-1/2"]
[WhiteElo "2076"]
[BlackElo "2203"]

1.d4 Nf6 2.c4 e6 3.Nf3 Bb4+ 4.Nbd2 b6 5.g3 Bb7 6.Bg2 O-O 7.O-O d5 8.Qb3 Be7
9.Rd1 Nbd7 10.Qc2 c5 11.b3 Rc8 12.Bb2 dxc4 13.bxc4 cxd4 14.Bxd4 Qc7 15.Qb2 Rfd8
16.Rac1 Bc5 17.Nb3 Bxd4 18.Nbxd4 a6 19.Nb3 Ne4 20.Nfd2 Nec5 21.Nxc5 Nxc5
22.Bxb7 Qxb7 23.Nb3 Qc7 24.Qc2 h6 25.Rxd8+ Rxd8 26.Rd1 Rc8 27.Rc1 Rd8 28.Rd1 Rc8
29.Rc1 Qe5 30.Qd2 Kh7 31.Nxc5 Qxc5 32.Rb1 Rc6 33.Qd3+ g6 34.e3 Rd6 35.Qe2 h5
36.h4 Kg7 37.a4 Kg8 38.Qa2 Rc6 39.Qb3 Qxc4 40.Qxc4 Rxc4 41.Rxb6 Rxa4 42.Kg2 Kg7
43.Rb7 Rc4 44.Ra7 Rc6 45.Kf3 Kf6 46.Ke4 Rb6 47.Kf4 e5+ 48.Kf3 Ke6 49.e4 Rb3+
50.Kg2 Ra3 51.Kh2 f5 52.exf5+ Kxf5 53.Kg2 e4 54.Kf1 Ke6 55.Rg7 Kf6 56.Ra7 Ra2
57.Kg1 Kf5 58.Rg7 a5 59.Kf1 Rd2 60.Ra7 Rd5 61.Ra8 Ke5 62.Rg8 Rd6 63.Ra8 Rd1+
64.Ke2 Ra1 65.Rg8 Ra2+ 66.Ke3 Ra3+ 67.Ke2 Ra2+ 68.Ke3 Kf6 69.Rf8+ Ke5 70.Ra8 Kf5
71.Rf8+ Ke6 72.Re8+ Kf5 73.Rf8+ Ke5 74.Rg8 Kf6 75.Re8 Ra4 76.Rf8+ Ke6 77.Rg8 Kf7
78.Ra8 Ra2  1/2-1/2

[Event "TCh-AUT 2009-10"]
[Site "Baden AUT"]
[Date "2010.03.27"]
[Round "8"]
[White "Kunin,V"]
[Black "Bozinovic,Bob"]
[Result "1-0"]
[WhiteElo "2532"]
[BlackElo "2086"]

1.d4 Nf6 2.c4 e6 3.Nf3 Bb4+ 4.Nbd2 b6 5.a3 Be7 6.e4 Bb7 7.Bd3 d6 8.O-O Nbd7
9.b4 d5 10.cxd5 exd5 11.e5 Ne4 12.Re1 Nxd2 13.Nxd2 Nf8 14.f4 g6 15.f5 gxf5
16.Bxf5 Ne6 17.Nf3 h6 18.Be3 Qd7 19.Qd2 Bf8 20.Rec1 O-O-O 21.a4 Kb8 22.b5 Qe7
23.Qa2 Ng7 24.Bd3 Qe6 25.a5 Bb4 26.axb6 axb6 27.Qa7+ Kc8 28.Ra6 Ba5 29.Rxa5 bxa5
30.b6 c6 31.Ba6  1-0

[Event "ch-VIE"]
[Site "Ho Chi Minh City VIE"]
[Date "2010.03.28"]
[Round "4"]
[White "Bao Khoa"]
[Black "Nguyen Van Huy"]
[Result "0-1"]
[WhiteElo "2218"]
[BlackElo "2419"]

1.d4 Nf6 2.Nf3 e6 3.c4 Bb4+ 4.Nbd2 b6 5.g3 Bb7 6.Bg2 O-O 7.O-O d5 8.Qc2 Nbd7
9.Rd1 Be7 10.Ne5 c5 11.Ndf3 Qc8 12.b3 dxc4 13.Nxc4 cxd4 14.Nxd4 Bxg2 15.Kxg2 Qb7+
16.Nf3 Rac8 17.Qd2 Rfd8 18.Nd6 Bxd6 19.Qxd6 Ne4 20.Qe7 Nc3 21.Bb2 Nd5 22.Qh4 Nf8
23.Rd3 Ng6 24.Qg5 h6 25.Qd2 Ndf4+ 26.gxf4 Rxd3 27.exd3 Nh4+ 28.Kg3 Qxf3+
29.Kxh4 Rc5 30.Be5 Rxe5  0-1

[Event "ch-VIE"]
[Site "Ho Chi Minh City VIE"]
[Date "2010.03.30"]
[Round "8"]
[White "Dao Thien Hai"]
[Black "Nguyen Van Huy"]
[Result "0-1"]
[WhiteElo "2523"]
[BlackElo "2419"]

1.d4 Nf6 2.c4 e6 3.Nf3 Bb4+ 4.Nbd2 b6 5.a3 Bxd2+ 6.Bxd2 Bb7 7.Bg5 d6 8.e3 Nbd7
9.Bh4 h6 10.Qc2 Qe7 11.Rd1 g5 12.Bg3 O-O-O 13.Nd2 Nh5 14.b4 f5 15.f3 Nxg3
16.hxg3 c5 17.Nb3 h5 18.Qf2 Qf6 19.Bd3 e5 20.Kf1 f4 21.gxf4 exf4 22.e4 cxd4
23.a4 Ne5 24.a5 h4 25.axb6 axb6 26.Nxd4 Kb8 27.Be2 Qf7 28.Rc1 Ba6 29.Nf5 Qc7
30.Qd4 Bc8 31.Kf2 Bxf5 32.exf5 Rhe8 33.Ra1 Nc6 34.Qd2 Re3 35.Rhd1 h3 36.gxh3 Qh7
37.Rh1 Rde8 38.Qxd6+ Kb7 39.Ra2 Qh4+ 40.Kf1 Rxf3+  0-1

[Event "Easter Open"]
[Site "Medellin COL"]
[Date "2010.04.01"]
[Round "3"]
[White "Chirivi C,Y"]
[Black "Paniagua,F"]
[Result "1-0"]
[WhiteElo "2195"]
[BlackElo "1723"]

1.d4 Nf6 2.c4 e6 3.Nf3 Bb4+ 4.Nbd2 O-O 5.a3 Be7 6.e4 d6 7.Qc2 Nc6 8.b4 e5
9.dxe5 Nxe5 10.Nxe5 dxe5 11.Bb2 Nd7 12.c5 Bf6 13.Be2 Re8 14.O-O Nf8 15.Nc4 Ng6
16.Rad1 Qe7 17.Ne3 Be6 18.g3 c6 19.Bg4 Bxg4 20.Nxg4 Qe6 21.Ne3 Red8 22.Rxd8+ Rxd8
23.Rd1 Rxd1+ 24.Qxd1 h5 25.Qd3 h4 26.Nf5 hxg3 27.hxg3 Kh7 28.Nd6 b6 29.cxb6 axb6
30.Nc4 b5 31.Na5 Ne7 32.f4 g6 33.Qb3 Qg4 34.fxe5 Bg7 35.Qd3 Qg5 36.Qf3 Bxe5
37.Qxf7+ Kh6 38.Bxe5 Qxe5 39.Qf4+ Qg5 40.Kf2 Kh5 41.Kf3 Qxf4+ 42.Kxf4 g5+
43.Ke5 Kg4 44.Kf6 Ng8+ 45.Kf7 Kxg3 46.e5 Kf4 47.Nxc6 g4 48.Kxg8 g3 49.e6 g2
50.e7 g1=Q+ 51.Kf8 Qa1 52.e8=Q Qxa3 53.Qe5+ Kf3 54.Qxb5  1-0

[Event "17th TCh-RUS Higher League"]
[Site "Dagomys RUS"]
[Date "2010.04.02"]
[Round "1"]
[White "Bukavshin,I"]
[Black "Nikolaev,Niki"]
[Result "1-0"]
[WhiteElo "2427"]
[BlackElo "2411"]

1.d4 Nf6 2.c4 e6 3.Nf3 Bb4+ 4.Nbd2 O-O 5.a3 Be7 6.e4 d5 7.Bd3 dxe4 8.Nxe4 Nxe4
9.Bxe4 Nd7 10.O-O c5 11.Bc2 Bf6 12.Qd3 g6 13.Bh6 Re8 14.Rad1 Qc7 15.Rfe1 b5
16.d5 bxc4 17.Qd2 Nb6 18.d6 Qd7 19.Qf4 Bxb2 20.Ne5 Bxe5 21.Qxe5 f6 22.Qxf6 Qf7
23.Qe5 Bb7 24.h4 Nd7 25.Qg5 e5 26.f3 e4 27.fxe4 Re5 28.Qg3 Rae8 29.Bf4 R5e6
30.e5 Bc6 31.h5 Qg7 32.h6 Qf7 33.Rf1  1-0

[Event "14th Neckar-Open"]
[Site "Deizisau GER"]
[Date "2010.04.02"]
[Round "3"]
[White "Lafuente,P"]
[Black "Pajeken,W"]
[Result "1-0"]
[WhiteElo "2524"]
[BlackElo "2336"]

1.d4 Nf6 2.Nf3 e6 3.c4 Bb4+ 4.Nbd2 d5 5.a3 Be7 6.e3 O-O 7.Bd3 b6 8.e4 dxe4
9.Nxe4 Nbd7 10.O-O Bb7 11.Qe2 c5 12.Rd1 cxd4 13.Nxd4 Nxe4 14.Bxe4 Bxe4 15.Qxe4 Nf6
16.Qf3 Qc7 17.Bf4 e5 18.Bg3 Qxc4 19.Rac1 Qa2 20.Nf5 Bc5 21.Bxe5 Qe6 22.Re1 Rfe8
23.Nxg7 Kxg7 24.Rxc5 bxc5 25.Qg3+  1-0

[Event "Sydney Int Open"]
[Site "Parramatta AUS"]
[Date "2010.04.09"]
[Round "6"]
[White "Kunte,A"]
[Black "Ikeda,J"]
[Result "1/2-1/2"]
[WhiteElo "2528"]
[BlackElo "2302"]

1.d4 Nf6 2.Nf3 e6 3.c4 Bb4+ 4.Nbd2 O-O 5.g3 c5 6.dxc5 Bxc5 7.Bg2 d5 8.O-O Nc6
9.cxd5 exd5 10.Nb3 Bb6 11.Bg5 h6 12.Bxf6 Qxf6 13.Qd2 Bg4 14.h3 Be6 15.Rad1 Rfd8
16.Nbd4 Rac8 17.e3 Rc7 18.Rc1 Rdc8 19.Nb5 Rd7 20.Nfd4 Rdd8 21.Rfd1 a6 22.Nxc6 bxc6
23.Nd4 c5 24.Nxe6 fxe6 25.b3 Rf8 26.Qe2 a5 27.Rd2 Qe7 28.e4 c4 29.Qd1 c3
30.Re2 Rxf2 31.Rxf2 Bxf2+ 32.Kxf2 Qc5+ 33.Ke2 Rf8 34.Qe1 Qb5+ 35.Ke3 Qc5+
36.Ke2 Qb5+ 37.Ke3 Qc5+ 38.Ke2  1/2-1/2

[Event "TCh-ISR"]
[Site "Israel ISR"]
[Date "2010.04.16"]
[Round "5"]
[White "Bykhovsky,An ISR"]
[Black "Liss,E"]
[Result "1/2-1/2"]
[WhiteElo "2499"]
[BlackElo "2474"]

1.d4 Nf6 2.c4 e6 3.Nf3 Bb4+ 4.Nbd2 b6 5.a3 Bxd2+ 6.Qxd2 Bb7 7.e3 d6 8.Be2 Nbd7
9.b4 Ne4 10.Qc2 f5 11.O-O O-O 12.Bb2 Rf6 13.d5 Rg6 14.Nd4 Qg5 15.g3 exd5
16.cxd5 Bxd5 17.Bc4 Bxc4 18.Qxc4+ Kh8 19.Qc6 Rd8 20.Qxc7 Ne5 21.Rac1 Rg8
22.Rc2 Ng4 23.Nf3 Qh5 24.Kg2 h6 25.Bd4 Ng5 26.Nh4 Nxh2 27.Rh1 Nhf3 28.Nxg6+ Qxg6
29.Bb2 Kh7 30.Rc6 Ne6 31.Qxd6 Nfg5 32.Qe5 Nf4+ 33.Qxf4 Qxc6+ 34.e4 Qxe4+
35.Qxe4 fxe4 36.Rd1 Rf8 37.Bc1 Kg6 38.Bxg5 hxg5 39.Rd6+ Rf6 40.Rd4 Re6 41.Rd7  1/2-1/2

[Event "Venka & Antonia Ivanova Mem"]
[Site "Sofia BUL"]
[Date "2010.04.25"]
[Round "7"]
[White "Kolev,At2"]
[Black "Spassov,L"]
[Result "1/2-1/2"]
[WhiteElo "2038"]
[BlackElo "2418"]

1.d4 Nf6 2.c4 e6 3.Nf3 Bb4+ 4.Nbd2 b6 5.a3 Bxd2+ 6.Nxd2 Bb7 7.Qc2 c5 8.dxc5 bxc5
9.e3 O-O 10.b3 d6 11.Bb2 Nbd7 12.Bd3 Ne5 13.Bxe5 dxe5 14.O-O Qc7 15.Rfd1 Rfd8
16.Ne4 Bxe4 17.Bxe4 Rxd1+ 18.Rxd1 Rb8 19.Bf3 a5 20.Qc3 e4 21.Be2 h6 22.Rb1 Nd7
23.Bd1 Ne5 24.Bc2 f5 25.Rd1 Ng4 26.g3 Ne5 27.Kg2 Nf3 28.Rb1 Rd8 29.Rd1 Rb8
30.Rb1 Kh7 31.Bd1 Ne5 32.Be2 Nc6 33.Bd1 Rd8 34.Be2 Rb8 35.Bd1 Kg6 36.Bc2 Kf7
37.Rd1 Rd8 38.Rxd8 Qxd8 39.h4 g5 40.hxg5 hxg5 41.Kf1 Qf6 42.Qxf6+ Kxf6 43.Ke2 Ke5
44.Kd2 f4 45.gxf4+ gxf4 46.Bd1 f3 47.Bc2 Ne7 48.Kc3 Nf5 49.Kd2 Nh6 50.Ke1 Ng4
51.Kf1 Nh6 52.Ke1 Nf5 53.Kd2 Ne7 54.Kc3 Nc6 55.Kd2 Kf5 56.Kc3 Ne5 57.Kd2 Ng4
58.Ke1 Nf6  1/2-1/2

[Event "ch-Commonwealth"]
[Site "Delhi IND"]
[Date "2010.05.11"]
[Round "3"]
[White "Gupta,Ab"]
[Black "Minhazuddin,A"]
[Result "1-0"]
[WhiteElo "2570"]
[BlackElo "2304"]

1.d4 Nf6 2.c4 e6 3.Nf3 Bb4+ 4.Nbd2 Bxd2+ 5.Qxd2 b6 6.e3 Bb7 7.Be2 d6 8.b3 Nbd7
9.Bb2 Qe7 10.O-O Ne4 11.Qc2 f5 12.Nd2 Nxd2 13.Qxd2 Nf6 14.f3 O-O 15.Bd3 Qe8
16.Qc2 Qh5 17.Rae1 Nd7 18.b4 c5 19.dxc5 dxc5 20.a3 Bc6 21.Rd1 Rf7 22.Qc3 Qg5
23.Bc2 cxb4 24.axb4 Rc8 25.Rf2 Nf8 26.Bb3 a5 27.bxa5 bxa5 28.c5 Rb7 29.Rd6 f4
30.exf4 Qxf4 31.Rxe6 Qf7 32.Rg6  1-0

[Event "Campomanes Mem WIM"]
[Site "Ankara TUR"]
[Date "2010.05.17"]
[Round "2"]
[White "Tsatsalashvili,K"]
[Black "Soylemez,C"]
[Result "1-0"]
[WhiteElo "2257"]
[BlackElo "1935"]

1.d4 Nf6 2.c4 e6 3.Nf3 Bb4+ 4.Nbd2 d6 5.a3 Bxd2+ 6.Qxd2 Nc6 7.b4 a5 8.b5 Ne7
9.e3 O-O 10.Bd3 Ng6 11.O-O Qe7 12.a4 Rd8 13.Ba3 Qe8 14.Rad1 b6 15.Qe2 Bb7
16.c5 dxc5 17.dxc5 Bd5 18.Bc4 Ne4 19.Bxd5 exd5 20.Rc1 Rac8 21.Qb2 h6 22.Rfd1 Nf8
23.Nd4 bxc5 24.Bxc5 Nd7 25.Nf5 f6 26.Be7 Qg6 27.Bxd8 Qxf5 28.Bxc7 Ndc5 29.Bxa5 Ra8
30.f3 Rxa5 31.fxe4 dxe4 32.Qc3 Nb7 33.Qc8+ Qxc8 34.Rxc8+ Kh7 35.Rd7  1-0

[Event "ch-Commonwealth"]
[Site "Delhi IND"]
[Date "2010.05.18"]
[Round "11"]
[White "Meenakshi,Sub"]
[Black "Preethi,R"]
[Result "1-0"]
[WhiteElo "2348"]
[BlackElo "2076"]

1.d4 Nf6 2.c4 e6 3.Nf3 Bb4+ 4.Nbd2 b6 5.a3 Bxd2+ 6.Qxd2 Bb7 7.g3 O-O 8.Bg2 d6
9.O-O Nbd7 10.b4 c5 11.dxc5 dxc5 12.Bb2 Qe7 13.Rfd1 Rac8 14.b5 Rfd8 15.Qg5 h6
16.Qe3 Ra8 17.a4 a6 18.Qc3 axb5 19.axb5 Rxa1 20.Rxa1 Ra8 21.Rd1 Ra4 22.Qc2 Ra8
23.Rd2 Be4 24.Qc3 Bb7 25.Rd1 Rd8 26.Ra1 Ra8 27.Rxa8+ Bxa8 28.Qd3 Be4 29.Qd2 Ba8
30.Ne5 Bxg2 31.Kxg2 Nxe5 32.Bxe5 Ne8 33.f3 f6 34.Bb8 Kf7 35.Qa2 Nd6 36.h4 Kg6
37.Qd2 Nc8 38.h5+  1-0

[Event "ch-Commonwealth"]
[Site "Delhi IND"]
[Date "2010.05.18"]
[Round "11"]
[White "Lafuente,P"]
[Black "Laxman,R"]
[Result "0-1"]
[WhiteElo "2587"]
[BlackElo "2476"]

1.d4 Nf6 2.c4 e6 3.Nf3 Bb4+ 4.Nbd2 O-O 5.a3 Be7 6.g3 b6 7.Bg2 Bb7 8.O-O c5
9.Nb3 Na6 10.dxc5 Nxc5 11.Nxc5 bxc5 12.Qc2 Be4 13.Qc3 Qb6 14.Ne5 Bxg2 15.Kxg2 a5
16.Qf3 d5 17.Rd1 Bd6 18.Bf4 Qb8 19.Ng4 Nxg4 20.Bxd6 Qxd6 21.Qxg4 d4 22.e3 e5
23.exd4 exd4 24.b3 Rab8 25.Rd3 Rfe8 26.Rad1 g6 27.Qf3 Qe6 28.a4 f5 29.Kg1 Qe4
30.Qg2 Kg7 31.h4 h6 32.Rf3 g5 33.hxg5 hxg5 34.g4 fxg4 35.Rg3 Qxg2+ 36.Kxg2 Re4
37.Rg1 Kf6 38.Kf1 Rf4 39.Rd3 Re8 40.Rgg3 Kf5 41.Rd2 Rf3 42.Rd3 Ree3  0-1

[Event "Municipality Cup"]
[Site "Tbilisi GEO"]
[Date "2010.05.22"]
[Round "8"]
[White "Mchedlishvili,M"]
[Black "Benidze,D"]
[Result "1-0"]
[WhiteElo "2630"]
[BlackElo "2493"]

1.d4 Nf6 2.c4 e6 3.Nf3 Bb4+ 4.Nbd2 b6 5.a3 Bxd2+ 6.Qxd2 Bb7 7.e3 O-O 8.b4 d6
9.Be2 Nbd7 10.O-O Qe7 11.Bb2 Ne4 12.Qc2 f5 13.d5 e5 14.Ne1 Nef6 15.Qxf5 Nxd5
16.Qe4 Nc3 17.Qxb7 Nxe2+ 18.Kh1 Qh4 19.Qd5+ Kh8 20.Nf3 Qh5 21.Rae1 Nf6 22.Qc6 e4
23.Rxe2 exf3 24.Qxf3 Qxf3 25.gxf3 a5 26.b5 Rae8 27.Rg1 h6 28.Rd2 Rf7 29.Kg2 Nd7
30.Rd5 Kh7 31.f4 Ref8 32.h4 Nc5 33.Kf1 g6 34.Ke2 Ne6 35.f3 Re7 36.Kf2 Ref7
37.Rg3 Rf5 38.Ke2 R8f7 39.Rd1 Re7 40.Kd2 d5 41.Be5 dxc4 42.Kc3 Rff7 43.Kxc4 Rd7
44.Rdg1 Ng7  1-0

[Event "XXIX Open A"]
[Site "Zalakaros HUN"]
[Date "2010.05.27"]
[Round "2"]
[White "Erdos,V"]
[Black "Borsos,B"]
[Result "1-0"]
[WhiteElo "2589"]
[BlackElo "2334"]

1.d4 Nf6 2.Nf3 e6 3.c4 Bb4+ 4.Nbd2 O-O 5.a3 Bxd2+ 6.Bxd2 b6 7.Bg5 Bb7 8.e3 h6
9.Bh4 d6 10.Nd2 Nbd7 11.f3 c5 12.dxc5 bxc5 13.Be2 Ne5 14.O-O a5 15.Qc2 Ng6
16.Bf2 Ra6 17.Rfd1 Qa8 18.Nb1 Rd8 19.Nc3 Bc6 20.Rd2 a4 21.Rad1 Qb8 22.Bg3 Be8
23.Nb5 e5 24.f4 exf4 25.exf4 d5 26.f5 Ne5 27.cxd5 Bxb5 28.Bxb5 Nf3+ 29.gxf3 Qxb5
30.Qc3 c4 31.Qb4 Qd7 32.Qxc4 Ra5 33.Qc7 Rxd5 34.Rxd5 Nxd5 35.Qxd7 Rxd7 36.Rd4 Nb6
37.Rxd7 Nxd7 38.Kf2 Nb6 39.Ke2 Nc4 40.Kd3 Nxb2+ 41.Kc3 Nd1+ 42.Kb4 Kf8 43.Kxa4 Ke7
44.Kb4 Kd7 45.Kc5 Ne3 46.f6 gxf6 47.a4 Kc8 48.Kc6 Nc4 49.Bc7 Nd2 50.a5 Nxf3
51.a6 Nd4+ 52.Kb6 Nb5 53.Bg3 Nc3 54.Kc6 Ne2 55.a7 Nd4+ 56.Kb6  1-0

[Event "XXIX Open A"]
[Site "Zalakaros HUN"]
[Date "2010.05.30"]
[Round "5"]
[White "Hrbolka,L sr"]
[Black "Horvath,Gy1"]
[Result "1/2-1/2"]
[WhiteElo "2135"]
[BlackElo "2367"]

1.d4 Nf6 2.Nf3 e6 3.c4 Bb4+ 4.Nbd2 b6 5.a3 Bxd2+ 6.Bxd2 Bb7 7.g3 d6 8.Bg2 O-O
9.O-O Nbd7 10.b4 Qe7 11.Bc3 c5 12.dxc5 dxc5 13.b5 Rfd8 14.Qc2 a6 15.a4 a5
16.Rad1 Be4 17.Qb2 Ne8 18.Qc1 f6 19.Qe3 Bb7 20.Bh3 Nf8 21.Nh4 Rd7 22.Rxd7 Qxd7
23.Bg2 Rd8 24.Bxb7 Qxb7 25.Ng2 Rd7 26.Bb2 Nd6 27.Qc1 Nf5 28.Rd1 Kf7 29.g4 Nd6
30.f3 h6 31.h4 Ne8 32.h5 Rxd1+ 33.Qxd1 Qd7 34.Qc2 Nd6 35.Kf2  1/2-1/2

[Event "XXIX Open A"]
[Site "Zalakaros HUN"]
[Date "2010.05.31"]
[Round "6"]
[White "Erdos,V"]
[Black "Berczes,C"]
[Result "1-0"]
[WhiteElo "2589"]
[BlackElo "2397"]

1.d4 Nf6 2.c4 e6 3.Nf3 Bb4+ 4.Nbd2 b6 5.a3 Bxd2+ 6.Qxd2 Bb7 7.e3 Ne4 8.Qc2 O-O
9.Be2 d6 10.O-O Nd7 11.b4 c5 12.Bb2 Qe7 13.Rad1 Rac8 14.Qb3 Rfd8 15.Ba1 Ng5
16.d5 exd5 17.cxd5 Nxf3+ 18.gxf3 f6 19.Kh1 Ne5 20.Rg1 Qf7 21.e4 Ng6 22.Bf1 Rc7
23.bxc5 bxc5 24.Qc3 Rf8 25.Rg3 Re7 26.Bd3 Bc8 27.Rdg1 Nf4 28.Qd2 Nh5 29.Rg4 f5
30.Rxg7+ Nxg7 31.Qh6 c4 32.Bc2 c3 33.Bxc3 Rc7 34.Bxg7 Qxg7 35.Rxg7+ Rxg7
36.exf5 Bxf5 37.Bxf5 Rxf5 38.Qxd6 Rxf3 39.Qe6+ Kh8 40.Qe8+ Rg8 41.Qe5+ Rg7
42.Qb8+ Rg8 43.Qb2+ Rg7 44.Qe2 Rf8 45.d6 Rd8 46.Qe5 Kg8 47.Qe6+ Rf7 48.f4 Rb8
49.d7 Rb1+ 50.Kg2 Rd1 51.Qe8+ Rf8 52.f5 Rd2+ 53.Kf3 Rd3+ 54.Ke2 Rd4 55.f6 Rd6
56.Qe7 Rdxf6 57.Qxf6 Rxf6 58.d8=Q+ Kg7 59.Qd4 a6 60.Kd3 Kg6 61.Qg4+ Kf7 62.Kc4 h6
63.Kb4 Rg6 64.Qc4+ Ke7 65.Qe4+ Re6 66.Qh7+ Kd6 67.Qb7 Ke5 68.Ka5 Rd6 69.Qxa6 Rxa6+
70.Kxa6 Kd6 71.Kb6 Kd7 72.Kb7 Kd6 73.a4 Kc5 74.a5 Kb5 75.a6  1-0

[Event "Maia Chiburdanidze Cup"]
[Site "Tbilisi GEO"]
[Date "2010.06.01"]
[Round "7"]
[White "Batsiashvili,N"]
[Black "Melia,S"]
[Result "1-0"]
[WhiteElo "2325"]
[BlackElo "2466"]

1.d4 Nf6 2.Nf3 e6 3.c4 Bb4+ 4.Nbd2 O-O 5.g3 d5 6.Bg2 dxc4 7.O-O c3 8.Nc4 cxb2
9.Bxb2 Nbd7 10.Qb3 Be7 11.Rfd1 Nb6 12.Nfe5 Nxc4 13.Nxc4 a5 14.a4 Nd5 15.e4 Nb4
16.Qc3 f6 17.Qb3 Kh8 18.Bc3 c6 19.h4 Bd7 20.Bh3 Rb8 21.Rdb1 b6 22.h5 h6 23.Ne3 c5
24.Rd1 Qc8 25.dxc5 bxc5 26.Qc4 Rb7 27.Ng2 e5 28.Rxd7 Rxd7 29.Nh4 Rd4 30.Bxd4 Qxh3
31.Ng6+ Kh7 32.Nxf8+ Bxf8 33.Bxc5 Bxc5 34.Qxc5 Qxh5 35.Qc8 Qf7 36.Rd1 h5
37.Rd8 Qe7 38.Qf5+ g6 39.Qc8 Kh6 40.Rh8+ Kg5 41.Qh3  1-0

[Event "TCh-CHN"]
[Site "Shenzhan CHN"]
[Date "2010.06.08"]
[Round "5"]
[White "Zeng Chongsheng"]
[Black "Xu Jun"]
[Result "1/2-1/2"]
[WhiteElo "2350"]
[BlackElo "2513"]

1.d4 Nf6 2.c4 e6 3.Nf3 Bb4+ 4.Nbd2 d5 5.Qa4+ Nc6 6.e3 O-O 7.Bd3 dxc4 8.Bxc4 Bd6
9.Qc2 e5 10.dxe5 Nxe5 11.Nxe5 Bxe5 12.Nf3 Bd6 13.Bd2 Qe7 14.Bd3 Re8 15.O-O Ne4
16.Bxe4 Qxe4 17.Qxe4 Rxe4 18.Bc3 Re8 19.Rfd1 f6 20.h3 Be6 21.Nd4 Bd7 22.a4 a6
23.b4 Red8 24.g4 Kf7 25.Nf5 Bf8 26.Nd4 h5 27.f3 hxg4 28.hxg4 Bd6 29.Nf5 Bxf5
30.gxf5 Rh8 31.e4 Rag8 32.Kf2 g6 33.fxg6+ Rxg6 34.Rh1 Bh2 35.Bd2 Rgg8 36.Be3 Ke6
37.b5 axb5 38.axb5 b6 39.Rac1 f5 40.Rc6+ Ke5 41.Bh6 Bg3+ 42.Ke2 Rxh6 43.Rhxh6 fxe4
44.Rxc7 exf3+ 45.Kxf3 Kd5 46.Rh5+ Kd4 47.Rc6 Be5 48.Rxb6 Rg3+ 49.Ke2 Rg2+
50.Kf1 Rb2 51.Rb7 Ke4 52.b6 Bf4 53.Rh3 Be5 54.Rh5 Bg3 55.Rh3 Be5 56.Ke1 Kd5
57.Rh6 Bd6 58.Kd1 Rb4 59.Kc2 Rc4+ 60.Kb3 Rb4+ 61.Kc2 Rc4+ 62.Kd3 Rd4+ 63.Ke2 Re4+
64.Kf3 Rb4 65.Rg6 Rb3+ 66.Ke2 Rb2+ 67.Kd3 Rb3+ 68.Kc2 Rb4 69.Rh7 Rxb6 70.Rh5+ Kc6
71.Kc3 Rb1 72.Ra5 Rd1 73.Rh5 Rb1 74.Ra5 Rd1 75.Ra6+ Kd7 76.Rh6 Rd5 77.Ra7+ Kc6
78.Ra6+ Kd7 79.Kc4 Rd1 80.Rh7+ Ke6 81.Ra2 Rc1+ 82.Kd3 Rd1+ 83.Ke2 Rd5 84.Ra8 Re5+
85.Kf3 Rf5+ 86.Kg4 Rf4+ 87.Kh3 Rd4 88.Rd8 Kd5 89.Rh5+ Kc6 90.Rc8+ Bc7 91.Kg2 Rd8
92.Rxd8 Bxd8  1/2-1/2

[Event "14th Master Open"]
[Site "Voronezh RUS"]
[Date "2010.06.16"]
[Round "5"]
[White "Khismatullin,D"]
[Black "Jumabayev,R"]
[Result "1-0"]
[WhiteElo "2657"]
[BlackElo "2557"]

1.d4 Nf6 2.c4 e6 3.Nf3 Bb4+ 4.Nbd2 b6 5.a3 Bxd2+ 6.Qxd2 Bb7 7.e3 O-O 8.Be2 d6
9.O-O a5 10.b3 Nbd7 11.Bb2 c5 12.Rad1 d5 13.Ne5 Qc7 14.Nxd7 Nxd7 15.dxc5 Nxc5
16.Qc3 f6 17.cxd5 Bxd5 18.b4 axb4 19.axb4 Na6 20.Qd4 b5 21.Rc1 Qb7 22.Qg4 e5
23.f4 e4 24.Bc3 Bb3 25.Qh5 Nc7 26.Bg4 Bf7 27.Qh3 Nd5 28.Bf5 Bg6 29.Bd4 Nxb4
30.Bxg6 hxg6 31.Qe6+ Rf7 32.Ra1 Rxa1 33.Rxa1 Nc2 34.Ra7 Nxd4 35.Qe8+ Rf8
36.Qxf8+ Kxf8 37.Rxb7 Nf5 38.Kf2 Nd6 39.Rd7 Nc4 40.Rb7 Nd6 41.Rd7 Nc4 42.Rd5 Na3
43.Rd4 f5 44.Rb4 Kf7 45.Rb3 Nc4 46.Rxb5 Nd6 47.Rb6 Ne8 48.Rb7+ Kg8 49.g4 Nf6
50.Rb8+ Kh7 51.gxf5 gxf5 52.Ke2 Ng4 53.h3 Nh2 54.Rb5 g6 55.Kf2 Kh6 56.Rb8 Kg7
57.Rd8 Nf3 58.Kg3 Kf6 59.Rd7 Ne1 60.Rb7 Nc2 61.Kf2  1-0

[Event "Open"]
[Site "Eforie Nord ROU"]
[Date "2010.06.22"]
[Round "6"]
[White "Chatalbashev,B"]
[Black "Turova,I"]
[Result "1-0"]
[WhiteElo "2593"]
[BlackElo "2394"]

1.d4 Nf6 2.c4 e6 3.Nf3 Bb4+ 4.Nbd2 b6 5.a3 Bxd2+ 6.Qxd2 Bb7 7.e3 O-O 8.Be2 d6
9.O-O Ne4 10.Qc2 f5 11.b4 Rf6 12.d5 Nd7 13.Bb2 Rh6 14.Rad1 e5 15.g3 Kh8 16.Nh4 Rxh4
17.gxh4 Qxh4 18.f3 Ng3 19.Rf2 Nxe2+ 20.Qxe2 Nf6 21.Rg2 b5 22.cxb5 Nxd5 23.Rc1 Re8
24.Rc4 Qe7 25.Qf2 Qd7 26.Rh4 f4 27.exf4 Qf5 28.Qd2 Qb1+ 29.Qc1 Qd3 30.fxe5 Qxf3
31.Rg3 Qf5 32.e6 Nf6 33.Rxg7 Kxg7 34.Qxc7+  1-0

[Event "King's Gambit B"]
[Site "Lipetsk RUS"]
[Date "2010.06.23"]
[Round "1"]
[White "Odnorozhenko,E"]
[Black "Tarlev,K"]
[Result "0-1"]
[WhiteElo "2309"]
[BlackElo "2484"]

1.d4 Nf6 2.c4 e6 3.Nf3 Bb4+ 4.Nbd2 b6 5.e3 O-O 6.Bd3 d5 7.O-O Ba6 8.a3 Bxd2
9.Nxd2 Nbd7 10.b4 c5 11.Bb2 dxc4 12.Bxc4 Bxc4 13.Nxc4 b5 14.Na5 c4 15.Nb7 Qc7
16.Nc5 a5 17.Qf3 axb4 18.axb4 Nd5 19.e4 Nxb4 20.Qc3 Na2 21.Qd2 b4 22.Qc2 c3
23.Nb3 e5 24.Rfd1 exd4 25.Rxd4 Ne5 26.Rad1 Nc6 27.Rd7 Qb6 28.Ba1 Qb5 29.h3 Qa4
30.Rb1 Na5 31.Rd5 Nxb3 32.Rxb3 Nc1 33.Bxc3 bxc3 34.Rxc3 Ne2+  0-1

[Event "TCh-SUI 2010"]
[Site "Switzerland SUI"]
[Date "2010.06.27"]
[Round "5.1"]
[White "Prusikin,M"]
[Black "Riff,JN"]
[Result "1/2-1/2"]
[WhiteElo "2542"]
[BlackElo "2515"]

1.d4 Nf6 2.c4 e6 3.Nf3 Bb4+ 4.Nbd2 O-O 5.a3 Bxd2+ 6.Bxd2 d6 7.Bg5 Qe7 8.e3 e5
9.Be2 h6 10.Bh4 Bf5 11.O-O a5 12.b4 axb4 13.axb4 Nbd7 14.Qb3 g5 15.Bg3 Ne4
16.dxe5 dxe5 17.Qb2 Nxg3 18.hxg3 b6 19.Rfd1 Be4 20.Nd2 Bc6 21.Bf3 e4 22.Bxe4 Rxa1
23.Qxa1 Bxe4 24.Nxe4 Qxe4 25.Rxd7 Qxc4 26.Rd4 Qc2 27.g4 Re8 28.b5 Qb3 29.Qc1 Qxb5
30.Qxc7 Qc5 31.Qd7 Qe7 32.Qb5 Qe6 33.Rd5 Rc8 34.Rf5 Rc5 35.Rxc5 bxc5 36.Qxc5  1/2-1/2

[Event "1st Open"]
[Site "Marrakesh MAR"]
[Date "2010.07.02"]
[Round "9"]
[White "Ravot,S"]
[Black "Sbia,B"]
[Result "1-0"]
[WhiteElo "2274"]
[BlackElo "1918"]

1.d4 Nf6 2.Nf3 e6 3.c4 Bb4+ 4.Nbd2 d5 5.g3 O-O 6.Bg2 dxc4 7.O-O c3 8.bxc3 Bxc3
9.Rb1 Nc6 10.e3 Bxd2 11.Nxd2 Nd5 12.Qc2 Ndb4 13.Qa4 Nd5 14.Qc2 Ndb4 15.Qc4 Nd5
16.Ba3 Re8 17.Nb3 a5 18.Rfc1 Ra6 19.Qe2 Ra8 20.f4 Ncb4 21.e4 Nf6 22.Bxb4 axb4
23.Rc4 Qe7 24.Qd2 Rd8 25.Rb2 b6 26.Qc1 Ra7 27.Nd2 c5 28.dxc5 bxc5 29.Rxc5 Bd7
30.Rc4 Rda8 31.Qb1 h5 32.h3 Qd6 33.Kh2 e5 34.f5 Ra3 35.Rcxb4 h4 36.Nc4 hxg3+
37.Kh1 Qd3 38.Nxa3 Qxa3 39.R4b3 Qa4 40.Rxg3 Bc6  1-0

[Event "IsBank TCh-TUR"]
[Site "Konya TUR"]
[Date "2010.07.05"]
[Round "9"]
[White "Tsatsalashvili,K"]
[Black "Gaponenko,I"]
[Result "1/2-1/2"]
[WhiteElo "2257"]
[BlackElo "2465"]

1.d4 Nf6 2.Nf3 e6 3.c4 Bb4+ 4.Nbd2 a5 5.a3 Bxd2+ 6.Qxd2 a4 7.Qc2 d6 8.e4 e5
9.d5 O-O 10.h3 Nbd7 11.Be3 Qe7 12.Be2 Nh5 13.g3 g6 14.Nd2 Ng7 15.g4 Nc5 16.h4 f5
17.gxf5 gxf5 18.Bh6 Qf6 19.Bg5 Qf7 20.O-O-O fxe4 21.Nxe4 Bf5 22.f3 Kh8 23.Rhg1 Nh5
24.Kb1 Rg8 25.Ka2 Raf8 26.Bd3 Nxd3 27.Qxd3 Bxe4 28.fxe4 Nf4 29.Qe3 Qh5 30.Rdf1 Qf7
31.Rg3 Qg7 32.Bxf4 exf4 33.Rxf4 Qe5 34.Rxf8 Rxf8 35.Rg5 Qf4 36.Qc3+ Qf6 37.e5 dxe5
38.Rxe5 Rf7 39.h5 Kg7 40.Qg3+ Kf8 41.Re6 Qd4 42.Qc3 Qxc3 43.bxc3 Rf4 44.c5 Kf7
45.c6 b6 46.Re5 Rc4 47.Kb2 Rc5 48.h6 Kf6 49.Re6+ Kf7 50.Re5 Kf6 51.Re6+ Kf7
52.Re5 Kf6 53.Re6+  1/2-1/2

[Event "IsBank TCh-TUR"]
[Site "Konya TUR"]
[Date "2010.07.05"]
[Round "9"]
[White "Soylemez,C"]
[Black "Firat,Deniz"]
[Result "1-0"]
[WhiteElo "1935"]
[BlackElo "1621"]

1.d4 Nf6 2.c4 e6 3.Nf3 Bb4+ 4.Nbd2 b6 5.e3 Bb7 6.Bd3 O-O 7.O-O Bxd2 8.Nxd2 d6
9.b3 Nbd7 10.Bb2 c5 11.Qc2 Qc7 12.dxc5 bxc5 13.f3 h6 14.Rad1 Rac8 15.Rf2 d5
16.Nf1 a5 17.cxd5 exd5 18.Bf5 Rcd8 19.Rc1 Bc8 20.Rd2 Nb6 21.Ng3 Bxf5 22.Nxf5 Rc8
23.Nxh6+ gxh6 24.Bxf6 Nd7 25.Bb2 Nb6 26.Qc3 f6 27.Qxa5 Ra8 28.Qxc5 Qxc5 29.Rxc5 Rxa2
30.Rc6 Nc8 31.Bc3 Rxd2 32.Bxd2 Kg7 33.Rc7+ Kg6 34.Rd7 Nb6 35.Rd6 Rb8 36.Bc3 Nc8
37.Rxf6+ Kg5 38.b4 Nb6 39.f4+ Kh5 40.h3  1-0

[Event "Heart of Finland"]
[Site "Jyvaskyla FIN"]
[Date "2010.07.06"]
[Round "2"]
[White "Savola,L"]
[Black "Rudolf,An"]
[Result "0-1"]
[WhiteElo "2107"]
[BlackElo "2393"]

1.d4 Nf6 2.Nf3 e6 3.c4 Bb4+ 4.Nbd2 d5 5.Qa4+ Nc6 6.a3 Be7 7.e3 O-O 8.Bd3 a6
9.O-O dxc4 10.Qxc4 Bd6 11.Qc2 e5 12.dxe5 Nxe5 13.Nxe5 Bxe5 14.f4 Bd6 15.e4 Bc5+
16.Kh1 Ba7 17.h3 Ng4 18.Nf3 Nf2+ 19.Kh2 Re8 20.Bc4 Nxe4 21.Ne5 Nd6 22.Rd1 Be6
23.Bd3 h6 24.b4 Qh4 25.Nf3 Qf6 26.Bd2 Rac8 27.g3 Nb5 28.Ne5 Bd4 29.Rac1 Bxe5  0-1

[Event "Heart of Finland"]
[Site "Jyvaskyla FIN"]
[Date "2010.07.08"]
[Round "6"]
[White "Holm, Kristian Stuvik"]
[Black "Nevanlinna,R"]
[Result "1/2-1/2"]
[WhiteElo "2086"]
[BlackElo "2259"]

1.d4 Nf6 2.c4 e6 3.Nf3 Bb4+ 4.Nbd2 b6 5.g3 Bb7 6.Bg2 O-O 7.O-O a5 8.Qc2 Bxd2
9.Bxd2 Be4 10.Qc3 Nc6 11.Rfd1 h6 12.b3 d6 13.a3 Qe7 14.b4 e5 15.d5 Bxf3 16.Qxf3 e4
17.Qe3 Ne5 18.Qd4 axb4 19.axb4  1/2-1/2